01145nam a2200265Ia 4500003000900000008004100009020001800050040001600068080002300084111008200107245024800189260004800437300001500485490002700500650004100527650001700568650002000585650002200605650002900627700003100656710003700687942000700724999001700731952013100748IN-BaIIA211028s9999 xx 000 0 eng d a0-521-37023-X cIIA Library a082.2:52bIAU-C111 aInternational Astronomical Union ColloquiumcNebraskad1988 Aug. 15-17917173 4aThe use of pulsating stars in fundamental problems of astronomybproceedings of the International Astronomical Union Colloquium No.111 held in Nebraska, Aug. 15-17, 1988cedited by E. G. Schmidt  aCambridgebCambridge University Pressc1989 avii, 288p. aIAU colloquium; no.111 aAstronomy and Astrophysics Thesaurus aGalaxy93368 aMilky Way96712 aStellar Evolution aStellar Pulsation911762 aSchmidt, E. G., ed.917174 aInternational Astronomical Union cBK c10135d10135 00104070aBANbKAVcGENd1991-02-12g1199.25l0o082.2:52/ IAU-C111p11045r2021-11-05v1199.25w1991-02-12yBKGRs. 1199.25